00692nam a22002177a 450000100060000000300080000600500170001400800410003103500190007204000260009104100080011708200200012510000200014524500930016526000540025830000370031250400410034965000300039070000350042070000190045535368BD-RjUL20211209052316.0140524s1960 enka s b 000 0 eng d a(BD-RjUL)35462 aBD-RjULbengcBD-RjUL aeng a519.5bFRM 19601 aFreund, John E. aManual of experimental statistics /cby John E. Freund, Paul E. Livermore, Irwin Miller. aEnglewood Cliffs, N.J. :bPrentice-Hall, cc1960. aviii, 131 p. :billus. ;c21 cm. aIncludes bibliographical references. 0aMathematical statistics. 1 aLivermore, Paul E. [joint au.]1 aMiller, Irwin.